| 000 | 00494nam a2200169 a 4500 | ||
|---|---|---|---|
| 020 | _a0813312876 (cased) : | ||
| 020 | _a0813314283 (pbk) | ||
| 040 | _cUKM | ||
| 082 | 0 | 4 | _a334 RAI 1992 C077 Or. |
| 100 | 1 | _aAttwood, Donald W | |
| 245 | 1 | 0 |
_aRaising cane : _bthe political economy of sugar in western India / |
| 260 |
_aBoulder, Colo. ; _aOxford : _bWestview, _c1992 |
||
| 300 |
_axviii, 366 p. : _bill., maps ; _c24 cm |
||
| 500 | _aIncludes index | ||
| 650 | 0 | _aSugar trade | |
| 942 | _cAEDBB | ||
| 999 |
_c21334 _d21334 |
||